E-Learning Chatbot (Record no. 28936)
[ view plain ]
| 000 -LEADER | |
|---|---|
| fixed length control field | 00594nam a2200145Ia 4500 |
| 008 - FIXED-LENGTH DATA ELEMENTS--GENERAL INFORMATION | |
| fixed length control field | 250506s9999 xx 000 0 und d |
| 024 ## - OTHER STANDARD IDENTIFIER | |
| Standard number or code | 17B-082-SE, 17B-090-SE, 17B-099-SE, 17B-102-SE & 17B-109-SE |
| 082 ## - DEWEY DECIMAL CLASSIFICATION NUMBER | |
| Classification number | 005.2072 HAS |
| 100 ## - MAIN ENTRY--PERSONAL NAME | |
| Personal name | Hassan Ali Raza, Muhammad Faiz Ul Haque, Taha Ahmed, Waqar Nasir Muhammad Kauser Uddin |
| 245 #0 - TITLE STATEMENT | |
| Title | E-Learning Chatbot |
| 260 ## - PUBLICATION, DISTRIBUTION, ETC. | |
| Place of publication, distribution, etc. | Karachi: |
| Name of publisher, distributor, etc. | UIT, |
| Date of publication, distribution, etc. | 2017 |
| 600 ## - SUBJECT ADDED ENTRY--PERSONAL NAME | |
| Personal name | Software Engineering |
| 650 ## - SUBJECT ADDED ENTRY--TOPICAL TERM | |
| Topical term or geographic name entry element | Bachelor of Computer Science (BS) |
| 856 ## - ELECTRONIC LOCATION AND ACCESS | |
| Uniform Resource Identifier | <a href="https://drive.google.com/file/d/15k2BDwYCwvIvVsxD2e3x2RZi5UUHQhjV/view?usp=sharing">https://drive.google.com/file/d/15k2BDwYCwvIvVsxD2e3x2RZi5UUHQhjV/view?usp=sharing</a> |
| Link text | Click here for PDF |
| Withdrawn status | Lost status | Damaged status | Not for loan | Collection | Home library | Current library | Date acquired | Total checkouts | Full call number | Barcode | Date last seen | Price effective from | Koha item type |
|---|---|---|---|---|---|---|---|---|---|---|---|---|---|
| PR-Software Engineering | UITU Library | UITU Library | 07/26/2022 | 005.2072 HAS | SE-53 | 05/06/2025 | 05/06/2025 | Project Report |

